Программы инструкторского обучения. Вып. 2: Машинист паровоза внутризаводского транспорта (Запись № 13595401)

Подробности
000 -МАРКЕР
контрольное поле 01671nam2a2200241 4500
001 - ИДЕНТИФИКАТОР ЗАПИСИ
контрольное поле rc\2920738
005 - ИДЕНТИФИКАТОР ВЕРСИИ
контрольное поле 20260315054732.0
035 ## - ДРУГИЕ СИСТЕМНЫЕ НОМЕРА
Идентификатор записи (NLR Aleph) 007070954
100 ## - ДАННЫЕ ОБЩЕЙ ОБРАБОТКИ
Данные общей обработки 20110812d1934 u y0rusy50 ca
101 0# - ЯЗЫК РЕСУРСА
Язык текста, звукозаписи и т.д. русский
102 ## - СТРАНА ПУБЛИКАЦИИ ИЛИ ПРОИЗВОДСТВА
Страна публикации Российская Федерация
105 ## - ПОЛЕ КОДИРОВАННЫХ ДАННЫХ: ТЕКСТОВЫЕ МАТЕРИАЛЫ, МОНОГРАФИЧЕСКИЕ
Кодированные данные о монографическом текстовом документе y z |||||
200 1# - ЗАГЛАВИЕ И СВЕДЕНИЯ ОБ ОТВЕТСТВЕННОСТИ
Основное заглавие Машинист паровоза внутризаводского транспорта
Первые сведения об ответственности Программа сост. инж. методистом А.П. Красновским
210 ## - ПУБЛИКАЦИЯ, РАСПРОСТРАНЕНИЕ И ДР.
Дата издания, распространения и т.д. 1934
215 ## - ФИЗИЧЕСКАЯ ХАРАКТЕРИСТИКА
Специфическое обозначение материала и объем [2], 23 с.
461 #0 - УРОВЕНЬ НАБОРА
Встроенное поле 001rc\2920737
-- 2001#$aПрограммы инструкторского обучения$eВып. 4-$fНКТП. Глав. упр. учеб. заведениями. Гос. центр. бюро по обуч. рабочих теплосилового хозяйства и рационализации его обслуживания "Энергокадры"$vВып. 2
Системный номер (АБИС) связанной записи 6380030
Автор СССР. Центральное бюро по обучению рабочих теплосилового хозяйства и рационализации его обслуживания
Место публикации Москва
Дата публикации 1934
Первые сведения об ответственности НКТП. Глав. упр. учеб. заведениями. Гос. центр. бюро по обуч. рабочих теплосилового хозяйства и рационализации его обслуживания "Энергокадры"
Имя издателя, распространителя и т.д. Б. и.
Сведения, относящиеся к заглавию Вып. 4-
Заглавие Программы инструкторского обучения
Номер тома Вып. 2
702 #1 - ИМЯ ЛИЦА - ВТОРИЧНАЯ ОТВЕТСТВЕННОСТЬ
Начальный элемент ввода Красновский
Часть имени, кроме начального элемента ввода А.П.
Код отношения Составитель
801 #0 - ИСТОЧНИК ЗАПИСИ
Страна Российская Федерация
Организация NLR
Правила каталогизации psbo
801 #1 - ИСТОЧНИК ЗАПИСИ
Страна Российская Федерация
Организация ELAR
Источник данных rusmarc
852 ## - МЕСТОНАХОЖДЕНИЕ И ШИФР ХРАНЕНИЯ
Идентификатор организации NLR
Шифр хранения (Call Number) 34-20/337(2)
942 ## - ДОПОЛНИТЕЛЬНЫЕ ЭЛЕМЕНТЫ ЗАПИСИ (АБИС)
Тип экземпляра АБИС Неопределено
980 ## - КОЛЛЕКЦИЯ
Название коллекции Национальная библиография

Нет доступных экземпляров.